=LDR 00000nam 2200000 4500 =001 INLIS000000000052267 =005 20211108021337 =035 ##$$a 0010-0118000455 =007 ta =008 211108################g##########0#ind## =020 ##$$a 978-979-769-902-4 =082 ##$$a 341.3 =084 ##$$a 341.3 SEF p =100 #$$a Sefriani =245 1#$$a Peran hukum internasional : $b Dalam hubungan internasional kontemporer /$c Dr. Sefriani, S.H., M. Hum =250 ##$$a cet.2 =260 ##$$a Jakarta :$b Raja Grafindo Persada,$c 2016 =300 ##$$a xvi, 420 hlm. ; $c 23 x 15 cm. =500 ##$$a Biografi: hlm. 419-420 =650 #4$$a Hubungan Internasional - Aspek Hukum =504 ##$$a bibliografi : hlm. 399-414 =990 ##$$a 21706240 =990 ##$$a 21706239 =990 ##$$a 21706238 =990 ##$$a 21706237 =990 ##$$a 21706236 =990 ##$$a 21706237 =990 ##$$a 21706240 =990 ##$$a 21706239 =990 ##$$a 21706238 =990 ##$$a 21706236